Geography Quiz

Random Geography or State Quiz

Largest US Cities beginning with V, W, Y Quiz Stats

 Plays Quiz not verified by Sporcle

Challenge
Share
Tweet
Embed
Score 0/19 Timer 08:00
0 Plays Today
Inhabitants City % Correct
591,833Washington
91.7%
433,746Virginia Beach
78.2%
201,588Yonkers
71%
366,046Wichita
68.2%
100,192Wilmington
59.9%
182,596Worcester
59.5%
124,009Waco
57.1%
163,186Vancouver
54.3%
133,939Warren
50.9%
217,600Winston-Salem
48.3%
Inhabitants City % Correct
123,447West Valley City
42.1%
114,729Vallejo
40.8%
110,318Victorville
37%
101,202Wichita Falls
36.5%
121,040Visalia
36.4%
107,056Westminster
34.2%
104,447West Jordan
30.7%
107,037Waterbury
27.7%
105,790West Covina
27%

You're not logged in!

Compare scores with friends on all Sporcle quizzes.
Join for Free
OR
Log In

You Might Also Like...

Show Comments

Extras

Top Quizzes Today


Score Distribution

Your Account Isn't Verified!

In order to create a playlist on Sporcle, you need to verify the email address you used during registration. Go to your Sporcle Settings to finish the process.

Report this User

Report this user for behavior that violates our Community Guidelines.

Details: